| 000 | 00373nam a2200145Ia 4500 | ||
|---|---|---|---|
| 008 | 230312s9999||||xx |||||||||||||| ||und|| | ||
| 020 | _a93-325-8474-7 | ||
| 082 |
_a620.103 _bHIB-E |
||
| 100 | _aHibbeler;R.C | ||
| 245 | 0 | _aEngineering Mechanics:Statics and Dynamics | |
| 260 |
_bPearson _aIndia _c2017 |
||
| 300 | _a1301 | ||
| 650 |
_aEngineering _vMechanics |
||
| 942 | _cBK | ||
| 999 |
_c10057 _d10057 |
||